Những phẩm chất tâm lý của người giáo viên Cuốn sách về người giáo viên Tập 1
Phẩm chất tâm lý chủ yếu quyết định thành công trong công tác của người giáo viên; Đặc điểm công tác giáo dục và giảng dạy ; Mối quan hệ giữa giáo viên và học sinh, năng lực hoạt động sư phạm...
Saved in:
| Main Author: | |
|---|---|
| Other Authors: | , |
| Format: | Book |
| Language: | Vietnamese |
| Published: |
H.
Giáo dục
1977
|
| Edition: | In lại lần 2 |
| Subjects: | |
| Tags: |
Add Tag
No Tags, Be the first to tag this record!
|
| Institutions: | Mạng thư viện Đại học Đà Nẵng |
|---|
| LEADER | 01744nam a2200421 4500 | ||
|---|---|---|---|
| 001 | 000006169 | ||
| 003 | 2324 | ||
| 005 | 20110905070941.0 | ||
| 008 | 110901s1977 viesd | ||
| 020 | |c 4500đ | ||
| 041 | 0 | |a vie | |
| 082 | |a 370.15 |b GÔN | ||
| 100 | 0 | |a Gônôbôlin, Ph. N. | |
| 245 | 1 | 0 | |a Những phẩm chất tâm lý của người giáo viên |b Cuốn sách về người giáo viên |c Ph. N. Gônôbôlin ; Dịch: Nguyễn Thế Hùng... |n Tập 1 |
| 250 | |a In lại lần 2 | ||
| 260 | |a H. |b Giáo dục |c 1977 | ||
| 300 | |a 167 tr |c 21 cm | ||
| 500 | |a Dịch từ nguyên bản tiếng tiếng Nga | ||
| 520 | |a Phẩm chất tâm lý chủ yếu quyết định thành công trong công tác của người giáo viên; Đặc điểm công tác giáo dục và giảng dạy ; Mối quan hệ giữa giáo viên và học sinh, năng lực hoạt động sư phạm... | ||
| 653 | |a Tâm lý học sư phạm | ||
| 653 | |a tâm lý giáo viên | ||
| 653 | |a năng lực sư phạm | ||
| 653 | |a giáo viên | ||
| 653 | |a giáo dục | ||
| 700 | |a Nguyễn Thế Hùng |e dịch | ||
| 700 | |a Ninh Giang |e dịch | ||
| 773 | |t Những phẩm chất tâm lý của người giáo viên |w 2322 | ||
| 910 | |a Nguyễn Thị Kim Oanh |d 01/09/2011 | ||
| OWN | |a LSP | ||
| AVA | |a UDN50 |b LSP |d 370.15 GÔN |e available |t Error 5001 Not defined in file expand_doc_bib_avail. |f 7 |g 3 |h N |i 2 |k 1 | ||
| 999 | |a From the UDN01 | ||
| AVA | |a UDN50 |b LSP |d 370.15 GÔN |e available |t Error 5001 Not defined in file expand_doc_bib_avail. |f 7 |g 3 |h N |i 2 |k 1 | ||
| TYP | |a Monograph | ||
| TYP | |a Printed language | ||
| 980 | |a Mạng thư viện Đại học Đà Nẵng | ||